L'Arxiu Nacional de Catalunya : una institució al servei de l'administració de Catalunya, de la societat i de la cultura una institució al servei de l'administració de Catalunya, de la societat i de la cultura
Descripción Física:
24 p. : il. ; 30 cm
Colección:
Arxiu Nacional de Catalunya ; 1
Materias:
Arxiu Nacional de Catalunya
MARC
| LEADER | 00000nam a2200000Ia 4500 | ||
|---|---|---|---|
| 001 | 10748 | ||
| 008 | 160829s1994 xx 000 0 cat d | ||
| 080 | |a FU-26-14 | ||
| 110 | 2 | |a Arxiu Nacional de Catalunya |9 55117 | |
| 245 | |a L'Arxiu Nacional de Catalunya : |b una institució al servei de l'administració de Catalunya, de la societat i de la cultura | ||
| 260 | |a Sant Cugat del Vallès : |b l'Arxiu, |c 1994 | ||
| 300 | |a 24 p. : |b il. ; |c 30 cm | ||
| 490 | |a Arxiu Nacional de Catalunya ; 1 | ||
| 590 | |a A la contraportada: Generalitat de Catalunya, Departament de Cultura | ||
| 610 | 2 | 0 | |a Arxiu Nacional de Catalunya |9 55117 |
| 710 | 2 | |a Catalunya. |b Departament de Cultura |9 52819 | |
| 901 | |a Arxiu | ||
| 942 | |n 1 | ||
| 952 | |0 0 |1 0 |4 0 |6 FU2614 |7 1 |9 48586 |a Arxiu |b Arxiu |d 2016-12-01 |l 0 |o FU-26-14 |p 10748 |r 2016-12-01 00:00:00 |w 2016-12-01 |y ARXIU | ||
| 999 | |c 52416 |d 52416 | ||